Państwa według fragmentu ich hymnu - Statystyki

Ogólne statystyki
  • Ten quiz został rozwiązany 6 razy
  • Średni wynik to 6 z 15
Statystyki odpowiedzi
Fragment hymnu Państwo % Poprawnych
Niech słońce _______rozproszy mroki, a światło i prawda Niech kroki nasze wiodą. Litwa
80%
Już odsłoniły ten tron szlachetny Zjednoczone prowincje Południa A wolni tego świata odpowiadają: Chwała wielkiemu narodowi ___________! Argentyna
60%
Jednym radosnym chórem, Ojczyzno ślubujemy ci wierność, Ukochana ______, Ukochana ______. Austria
60%
Na niebie słońce złote, Na stepie ziarno się złoci Oto mężny kraj - mój kraj. Kazachstan
60%
Prawda, nie było nas dużo, Jednak wystarczająco, Gdy oni nas wyzwali, A to było zagrożenie; Woleliśmy spalić nasz kraj Niż zostać pokonani; Norwegia
60%
Teraz lub nigdy Daj światu czytelny znak, Że w twoich żyłach pulsuje Dawnych Rzymian krew, Rumunia
60%
Dziś nasza niepodległość wyśpiewuje sławę przyszłości, Jutrzenka wschodzi i między dwoma morzami lśni. Gruzja
40%
Zbudujmy nasz naród. O, to nasz obowiązek. ______ zasługuje na szacunek. Połączmy siły w pracy. Bądźmy wdzięczni każdego dnia. Kenia
40%
Żyć w kajdanach, to jakby żyć bez końca w zniewadze i hańbie, Posłuchajcie dźwięku surmy bojowej I do broni pośpieszcie odważnie! Kuba
40%
Zakrzyknijmy z werwą, zakrzyknijmy z werwą: "Niech zginie ucisk! Niech zginie ucisk!" Rodacy wierni, siłą jest jedność. Wenezuela
40%
W morzu i górach, W wietrze i w Twoim błękitnym niebie, Piękno tkwi w poezji. I pieśń wolności, ukochana Filipiny
20%
Przysięgamy Sercem i ręką Całkowite zaangażowanie Dla naszej Ojczyzny Mikronezja
20%
Poświęćmy nasze życia Królowi Do którego się modlimy; Z oczyma skierowanymi na Niego Podążajmy drogą, którą nam wskazuje. Tuvalu
20%
Zjednoczeni w zgodzie i braterstwie Obudź się ________, wstaje świt, W odwadze, żarliwości, która wibruje i unosi nas! To wreszcie nasza droga ku szczęśliwości. Gabon
0%
Wolność jest twoim dogmatem, jest twoim przewodnikiem że udało mu się obronić tysiąc razy; i wielu innych, o śmiałej tyranii odrzućcie nienawistną władzę. Salwador
0%
Nie znaleziono quizów pasujących do podanych kryteriów
Rozkład punktacji
Procent ludzi z każdym wynikiem
Percentyl według liczby udzielonych odpowiedzi
Twoja historia wyników
Nie rozwiązałeś tego quizu